Nurses and their patients (Record no. 126740)
[ view plain ]
| 000 -LEADER | |
|---|---|
| fixed length control field | 01315nam a2200313 a 4500 |
| 245 00 - TITLE STATEMENT | |
| Title | Nurses and their patients |
| 260 ## - PUBLICATION, DISTRIBUTION, ETC. (IMPRINT) | |
| Place of publication | Cumbria [England] : |
| Name of publisher | M&K Update Ltd., |
| Year of publication | 2009. |
| 300 ## - PHYSICAL DESCRIPTION | |
| Number of Pages | xiii, 266 p. |
| 505 0# - FORMATTED CONTENTS NOTE | |
| Formatted contents note | pt. 1. Theory -- pt. 2. Case studies -- pt. 3. The wider context : research and supervision. |
| 650 #0 - SUBJECT ADDED ENTRY--TOPICAL TERM | |
| Topical Term | Nurse and patient. |
| 700 1# - ADDED ENTRY--PERSONAL NAME | |
| Personal name | Tew, Louise. |
| Personal name | Rafferty, Mic. |
| Personal name | Paget, Mary. |
| 856 40 - ELECTRONIC LOCATION AND ACCESS | |
| Uniform Resource Identifier | http://site.ebrary.com/lib/rucke/Doc?id=10459652 |
No items available.
